000 01244cam a2200349 a 4500
001 4053
003 FISKH
005 20240604102350.0
008 071022s2008 nyua b 000 1 eng
010 _a 2007037521
020 _a9780545007245
020 _a0545007240
040 _aDLC
_cDLC
_dDLC
_beng
042 _alcac
050 0 0 _aPZ7.A7379
_bHoo 2008
082 0 0 _a813.6
100 1 _aArnold, Tedd
245 1 0 _aHooray for Fly Guy! /
_cTedd Arnold.
260 _aNew York :
_bScholastic,
_c2008
300 _a30 pages :
_bcolor illustrations ;
_c23 cm.
500 _a"Cartwheel Books."
520 _aFly Guy joins Buzz's football team, despite Coach's misgivings, and hits the field for a special, secret play.
521 8 _a380
_bLexile
521 8 _aF
_bRaz-Plus
650 1 _aFlies
_vFiction.
650 1 _aFootball
_vFiction.
856 4 2 _3Publisher description
_uhttp://www.loc.gov/catdir/enhancements/fy1116/2007037521-d.html
856 4 2 _3Contributor biographical information
_uhttp://www.loc.gov/catdir/enhancements/fy1301/2007037521-b.html
906 _a7
_bcbc
_corignew
_d1
_eecip
_f20
_gy-gencatlg
942 _2ddc
_cBK
_n0
999 _c4053
_d4053